Statistics for Foods beginning with P

Click here to take the quiz!

General Stats

  • This quiz has been taken 65 times
  • The average score is 9 of 15

Answer Stats

HintAnswer% Correct
deep dish / stuffed crustpizza
92%
little green ballpea
85%
halloweenpumpkin
81%
italian carbpasta
77%
spanish dishpaella
74%
red spicepaprika
74%
oddly shaped fruitpear
70%
spongebob's residencepineapple
64%
type of dry-cured hamprosciutto
64%
irish favouritepotato
49%
inside a sausage rollpork
47%
british crustaceanprawn
47%
protein filled spreadpeanut butter
40%
samuel pepys buried itparmesan
9%
italian sweet breadpandoro
4%

Score Distribution

Percentile by Number Answered

Percent of People with Each Score

Your Score History

You have not taken this quiz